Об уровневой структуре креативного класса; Инженерное образование; № 18
| Parent link: | Инженерное образование: электронный научный журнал/ Ассоциация инженерного образования России (АИОР).— : [Б. и.], 2003-.— 1810-2883 № 18.— 2015.— [С. 34-39] |
|---|---|
| المؤلف الرئيسي: | |
| مؤلفون آخرون: | , |
| الملخص: | Заглавие с титульного листа В статье обоснована важность развития инженерного образования для инновационно-ориентированной рыночной экономики как в региональных масштабах, так и для экономической системы в целом. Также систематизирован перечень мероприятий по созданию комплексной инженерной образовательной среды в регионах, в том числе и на основе имеющегося опыта Волгоградского государственного технического университета (ВолгГТУ). |
| اللغة: | الروسية |
| منشور في: |
2015
|
| سلاسل: | Инженерное образование и экономика |
| الموضوعات: | |
| الوصول للمادة أونلاين: | https://old.aeer.ru/files/io/m18/art_4.pdf |
| التنسيق: | MixedMaterials الكتروني فصل الكتاب |
| KOHA link: | https://koha.lib.tpu.ru/cgi-bin/koha/opac-detail.pl?biblionumber=557803 |
MARC
| LEADER | 00000naa2a2200000 4500 | ||
|---|---|---|---|
| 001 | 557803 | ||
| 005 | 20250520140609.0 | ||
| 035 | |a (RuTPU)RU\TPU\prd\252324 | ||
| 035 | |a RU\TPU\prd\252317 | ||
| 090 | |a 557803 | ||
| 100 | |a 20160216a2015 k y0rusy50 ca | ||
| 101 | 0 | |a rus | |
| 102 | |a RU | ||
| 135 | |a drcn ---uucaa | ||
| 181 | 0 | |a i | |
| 182 | 0 | |a b | |
| 200 | 1 | |a Об уровневой структуре креативного класса |b Электронный ресурс |f А. В. Козлов, О. В. Сидоркина, Т. В. Погребная | |
| 203 | |a Текст |c электронный | ||
| 215 | |a 1 файл (1262 Кб) | ||
| 225 | 1 | |a Инженерное образование и экономика | |
| 230 | |a Электронные текстовые данные (1 файл : 1262 Кб) | ||
| 300 | |a Заглавие с титульного листа | ||
| 320 | |a [Библиогр.: с. 38-39 (20 назв.)] | ||
| 330 | |a В статье обоснована важность развития инженерного образования для инновационно-ориентированной рыночной экономики как в региональных масштабах, так и для экономической системы в целом. Также систематизирован перечень мероприятий по созданию комплексной инженерной образовательной среды в регионах, в том числе и на основе имеющегося опыта Волгоградского государственного технического университета (ВолгГТУ). | ||
| 337 | |a Adobe Reader | ||
| 461 | 1 | |0 (RuTPU)RU\TPU\prd\176632 |x 1810-2883 |t Инженерное образование |o электронный научный журнал |f Ассоциация инженерного образования России (АИОР) |n [Б. и.] |d 2003- | |
| 463 | 1 | |0 (RuTPU)RU\TPU\prd\252291 |t № 18 |v [С. 34-39] |d 2015 | |
| 610 | 1 | |a инженерное образование | |
| 610 | 1 | |a электронный ресурс | |
| 610 | 1 | |a креативный класс | |
| 610 | 1 | |a ТРИЗ | |
| 610 | 1 | |a диалектика | |
| 610 | 1 | |a инновационные проекты | |
| 610 | 1 | |a CAL | |
| 700 | 1 | |a Козлов |b А. В. |g Анатолий Владимирович | |
| 701 | 1 | |a Сидоркина |b О. В. |g Олеся Викторовна | |
| 701 | 1 | |a Погребная |b Т. В. |g Татьяна Владимировна | |
| 801 | 1 | |a RU |b 63413507 |c 20090623 |g PSBO | |
| 801 | 2 | |a RU |b 63413507 |c 20180426 |g PSBO | |
| 856 | 4 | |u https://old.aeer.ru/files/io/m18/art_4.pdf | |
| 942 | |c BK | ||